Gran optimismo en el futuro, a pesar de la prudencia global / (Registro nro. 8778)
[ vista simple ]
| 000 -LEADER | |
|---|---|
| fixed length control field | 00928nam a2200229Ia 4500 |
| 003 - CONTROL NUMBER IDENTIFIER | |
| control field | OSt |
| 005 - DATE AND TIME OF LATEST TRANSACTION | |
| control field | 20211202162947.0 |
| 008 - FIXED-LENGTH DATA ELEMENTS--GENERAL INFORMATION | |
| fixed length control field | 210310s2013 ck adb fr 000 0 spa d |
| 040 ## - CATALOGING SOURCE | |
| Original cataloging agency | CO-JMCR |
| Transcribing agency | CO-JMCR |
| 041 0# - LANGUAGE CODE | |
| Language code of text/sound track or separate title | spa |
| 082 04 - DEWEY DECIMAL CLASSIFICATION NUMBER | |
| Classification number | 338.91 / |
| Item number | P946g |
| Edition number | 23 |
| 110 1# - MAIN ENTRY--CORPORATE NAME | |
| Corporate name or jurisdiction name as entry element | PricewaterhouseCoopers |
| 9 (RLIN) | 38544 |
| 245 10 - TITLE STATEMENT | |
| Title | Gran optimismo en el futuro, a pesar de la prudencia global / |
| Statement of responsibility, etc. | PricewaterhouseCoopers |
| 250 ## - EDITION STATEMENT | |
| Edition statement | 3° Edición |
| 260 ## - PUBLICATION, DISTRIBUTION, ETC. | |
| Place of publication, distribution, etc. | [Bogotá] : |
| Name of publisher, distributor, etc. | PricewaterhouseCoopers, |
| Date of publication, distribution, etc. | 2013 |
| 300 ## - PHYSICAL DESCRIPTION | |
| Extent | 39 páginas : |
| Other physical details | ilustraciones, gráficas y mapas ; |
| Dimensions | 28 cm. |
| 500 ## - GENERAL NOTE | |
| General note | 16.° Encuesta Global Anual de CEO |
| 505 0# - FORMATTED CONTENTS NOTE | |
| Formatted contents note | Expectativas de crecimiento de ingresos -- Principales riesgos -- Crecimiento -- Interesados en desarrollar negocios en Colombia -- Principales iniciativas organizacionales |
| 650 14 - SUBJECT ADDED ENTRY--TOPICAL TERM | |
| Topical term or geographic name entry element | Crecimiento económico |
| 9 (RLIN) | 18263 |
| 650 24 - SUBJECT ADDED ENTRY--TOPICAL TERM | |
| Topical term or geographic name entry element | Iniciativas organizacionales |
| General subdivision | Economía |
| 9 (RLIN) | 41719 |
| 942 ## - ADDED ENTRY ELEMENTS (KOHA) | |
| Source of classification or shelving scheme | Dewey Decimal Classification |
| Koha item type | Books |
| Withdrawn status | Lost status | Source of classification or shelving scheme | Damaged status | Not for loan | Collection code | Home library | Current library | Date acquired | Source of acquisition | Full call number | Barcode | Date last seen | Copy number | Koha item type |
|---|---|---|---|---|---|---|---|---|---|---|---|---|---|---|
| Dewey Decimal Classification | Non-fiction | Biblioteca Pública José María del Castillo y Rada | Biblioteca Pública José María del Castillo y Rada | 04/15/2018 | Donación | 338.91 / P946g | 430000447 | 05/16/2024 | Ej.1 | Books |